[Event "Boskovic Memorial"]
[Site "Bijelo Polje"]
[Date "2005.10.02"]
[Round "1"]
[White "Podinic, Vladimir"]
[Black "Delchev, Aleksander"]
[Result "0-1"]
[WhiteElo "2415"]
[BlackElo "2669"]
[Annotator "Babula,V"]
[PlyCount "76"]
[EventDate "2005.10.02"]
[EventType "tourn"]
[EventRounds "9"]
[EventCountry "YUG"]
[EventCategory "10"]
[SourceTitle "CBM 110"]
[Source "ChessBase"]
[SourceDate "2006.01.31"]
[SourceVersion "1"]
[SourceVersionDate "2006.01.31"]
[SourceQuality "1"]

1. e4 c5 2. c3 Nf6 3. d3 {A quiet continuation,} (3. e5 {is the main move.})
3... Nc6 {[%cal Yd7d5]} (3... d5 $143 {immediately is weaker due to} 4. e5) 4.
f4 d6 (4... d5 $143 5. e5) 5. Nf3 {One of White's possible plans is to prepare
the d3-d4 advance and thus to build the pawn centre.} ({After} 5. Be2 $143 {
Black can avoid that plan forever by} c4 $5) 5... g6 {A fianchetto looks as
the best deployment of Black's dark-squared bishop,} ({but} 5... e6 {is also
playable.}) ({Now it is not good as in the above note} 5... c4 $6 {due to} 6.
e5) 6. g3 {White opts also for a fianchetto,} (6. Be2 {is a less ambitious
continuation.}) 6... Bg7 7. Bg2 O-O ({A break} 7... c4 $6 {isn't good due to}
8. e5 dxe5 9. fxe5 (9. Nxe5 $143 $6 {because of an exchange sacrifice} cxd3 $1
10. Nxc6 bxc6 11. Bxc6+ Bd7 12. Bxa8 Qxa8 $44) 9... Ng4 10. d4 $14) 8. O-O {
This move allows Black to make the c5-c4 break in quite favourable
circumstances - see the following remarks.} ({To exclude that, White can play} 
8. Qc2 {There are some examples from the high-level practice:} b5 (8... Rb8 9.
a4 a6 10. O-O b5 11. axb5 axb5 12. h3 (12. Kh1 b4 13. Be3 {- 8...b5}) 12... Ne8
$6 (12... b4 $142) 13. f5 $1 $40 b4 14. g4 Nc7 15. Qf2 bxc3 16. bxc3 {1-0
Kharlov,A-Hulak,K/Budapest 1996/CBM 056/[Har Zvi] (34)}) (8... Bd7 9. O-O b5
10. h3 Rc8 11. a3 Ne8 12. Qe2 a5 13. Be3 b4 14. axb4 axb4 15. d4 bxc3 16. bxc3
cxd4 17. cxd4 e5 18. Qf2 $14 {1-0 Motylev,A-Rychagov,A/Sochi 1998/EXT 99 (39)})
9. O-O Rb8 10. a3 a5 11. Kh1 b4 12. axb4 axb4 13. Be3 Bb7 $6 (13... bxc3 $142
14. bxc3 Qb6 15. Nbd2 Qb2) 14. Nbd2 Ra8 15. d4 $14 {1-0 Kharlov,A-Alterman,B/
New York 1997/CBM 057 ext (33)}) 8... Rb8 {[%cal Yb5b4,Yb7b5] Black prepares
the typical plan based on the advance of his b-pawn and the following pressure
along the long dark diagonal and against White's queenside.} ({As I write
above, possible is} 8... c4 $5 9. e5 dxe5 10. fxe5 Nd5 $1 (10... Ng4 $143 $6
11. d4 $14 {due to the misplaced Ng4}) 11. d4 $13 (11. dxc4 Qb6+ 12. Kh1 Ne3
13. Bxe3 Qxe3 14. Re1 Qb6 (14... Qh6 15. Qd2 Qh5 $44 {0-1 De Toledo,J-Milos,G/
Araraqua 1999/EXT 2001 (50)}) 15. Qb3 Qc7 $11 {0-1 Brustkern,J-Szieberth,A/
Budapest 2004/CBM 101 ext (39)})) ({Premature and risky is} 8... b5 $143 $6 {
due to} 9. e5 $36) ({Interesting is the option} 8... Bg4 {Black wants to
exchange his bishop for the knight to strengthen the control around the long
diagonal a1-h8 at first and then to implement the above mentioned plan. A
model example:} 9. h3 Bxf3 10. Qxf3 Rc8 11. Be3 Nd7 12. g4 b5 13. a3 a5 14. Nd2
Nb6 15. Qf2 b4 16. axb4 axb4 17. Rfc1 Qd7 18. Nf3 Ra8 19. Rxa8 Rxa8 20. f5 Ra2
21. Qh4 Ne5 22. Nxe5 Bxe5 23. cxb4 Rxb2 24. bxc5 dxc5 25. Bf1 Qd6 26. fxg6 hxg6
27. Bg2 Qxd3 28. Qe1 Re2 {0-1 Ye Jiangchuan-Gelfand,B/Shenyang 2000/CBM 079}) {
In similar positions White has to consider, in respect of the coming up
advance of Black's b-pawn, if to exchange (after playing a2-a4 or a2-a3) or
not to exchange the a-pawns. Generally said, after that exchange Black could
penetrate to White' position over open a-file and without it White's a-pawn
could become a weakness.} 9. h3 {[%cal Yg3g4,Yf4f5] White prepares the advance
on the kingside.} (9. Qe2 {[%cal Yd3d4] is connected with the other, for us
already known, plan - building up the pawn centre.}) (9. a4 a6 (9... c4 $5))
9... b5 10. g4 {White decides to keep the a -pawns on the board.} ({An example
of the exchanging the a-pawns:} 10. a3 a5 11. Nbd2 b4 12. axb4 axb4 13. c4 Bb7
14. Nb3 Nd7 15. Qe2 Ra8 16. Be3 Qb6 17. Bf2 Na5 18. Qc2 Nxb3 19. Qxb3 Bc6 20.
Rfe1 Qb7 21. h4 Rxa1 22. Rxa1 Ra8 23. Ra2 Ra6 24. Kh2 Qa8 $17 {[%cal Ga8a1]
0-1 Strikovic,A-Izoria,Z/Dos Hermanas 2003/EXT 2004 (61)}) 10... b4 11. c4 $6 {
An interesting approach, but not in a suitable moment. White closes the
queenside, its drawback is the weakness on the d4 square.} ({After} 11. Be3 {
Black gains counterplay on the queenside:} bxc3 12. bxc3 Qa5 13. Qc2 {(In the
quoted game itself the move order was different, but this position was reached.
)} Ba6 14. Nbd2 Nd7 {1/2-1/2 Komora,A-Hasangatin,R/Slovakia 2001/EXT 2003}) ({
The principled continuation is} 11. f5 $5 {, but there is no real practice.})
11... e6 $1 {An important move aimed against the f4-f5 advance. Without it
White can't hardly organize on the kingside any active actions. Black plans
also f7-f5 sometimes in the future.} ({An example of White's successful
aggression:} 11... Ne8 $143 $6 12. f5 Nd4 13. Nbd2 a5 14. Nxd4 Bxd4+ 15. Kh1
Bg7 16. Nf3 Bd7 17. Qe1 e6 18. Bg5 f6 19. Be3 Nc7 20. Qg3 $16 {1-0 Levitina,
I-Kushnir,A/Dortmund 1977/EXT 2001 (47)}) 12. Nbd2 ({The alternatives are not
better:} 12. Be3 Nd7 $15 13. d4 Ba6 14. b3 d5 $5) (12. f5 $6 exf5 13. exf5 gxf5
) 12... Nd7 $1 $15 {A proper place for the knight, from there it controls the
e5 square and after a possible exchange Nd4, Nxd4, cxd4 it would gain also the
c5 square.} ({Not so good is} 12... Ne8 $143 13. Rf2 f5 14. Nf1 Nd4 15. Nxd4
Bxd4 16. Be3 Qf6 17. Qd2 Bb7 18. Re1 $13 {1/2-1/2 Podinic,V-Stojanovic,M/Neum
2005/CBM 106 ext (34)}) 13. Kh1 (13. f5 $6 exf5 14. exf5 gxf5 15. gxf5 Nb6)
13... Bb7 {Black's pieces coordinate well whereas White's ones on the
queenside obstruct each other.} 14. Rb1 Qe7 $6 {A useless loss of time
allowing White to consolidate.} (14... f5 $142 $5 $15) 15. Nb3 f5 {As Black is
the better deployed side he strives for opening the position and looks for
targets on the kingside.} 16. exf5 $5 gxf5 17. g5 $13 {This way White closes
the kingside, but it leaves Black the superiority in the centre.} e5 {And
Black logically starts active operations here.} 18. Nh4 $1 {[%csl Rf5]} Qe6 19.
Qe2 $2 {A heavy error, it only helps Black to win a tempo for Nc6-d4.} ({
It is not good even} 19. Bd5 $6 Nd4 20. Nxd4 cxd4 21. Qf3 Bxd5 22. cxd5 Qe8 $15
) ({After correct} 19. Be3 $5 $13 {the position is very complicate, for example
} Nd4 20. Bxb7 Rxb7 21. Bxd4 cxd4 $13) 19... Nd4 20. Nxd4 $6 ({Absolutely
necessary was} 20. Qf2 d5 $1 $17) 20... cxd4 {[%cal Yd7c5,Ye5e4] Now the
position is strategically won for Black. White can't do anything against the
simple plan Nd7-c5 and e5-e4.} 21. Bd2 Nc5 22. Rbe1 ({White could offer more
resistance after} 22. fxe5 $5 dxe5 23. Bxb7 Rxb7 24. Ng2 $17) 22... a5 23. Kh2
(23. Bxb7 $5 Rxb7 24. fxe5 dxe5 25. Ng2 $17) 23... Bxg2 24. Kxg2 (24. Nxg2 e4
$19) 24... Rbe8 $19 {The rest is agony.} 25. b3 Qd7 26. Kh2 e4 27. dxe4 fxe4
28. f5 Be5+ 29. Bf4 Bxf4+ 30. Rxf4 Nd3 31. Rg4 Nxe1 32. Qxe1 Rxf5 33. g6 h5 34.
Nxf5 Qxf5 35. Qh4 e3 36. Rg5 Qc2+ 37. Rg2 Qe4 38. Rg4 (38. Qxh5 Qe5+) 38...
Qe5+ 0-1

[Event "Stepanakert-B"]
[Site "Stepanakert"]
[Date "2005.10.06"]
[Round "5"]
[White "Grigoriants, Sergey"]
[Black "Petrosian, Tigran L"]
[Result "1/2-1/2"]
[WhiteElo "2539"]
[BlackElo "2564"]
[Annotator "Babula,V"]
[PlyCount "137"]
[EventDate "2005.10.02"]
[EventType "tourn"]
[EventRounds "9"]
[EventCountry "ARM"]
[EventCategory "11"]
[SourceTitle "CBM 110"]
[Source "ChessBase"]
[SourceDate "2006.01.31"]
[SourceVersion "1"]
[SourceVersionDate "2006.01.31"]
[SourceQuality "1"]

1. e4 c5 2. Ne2 d6 3. g3 Nc6 4. Bg2 g6 5. c3 $1 {[%cal Yd2d4] White plans to
build up the pawn centre d4,e4.} ({There is a reason to do it immediately, as
one move later} 5. O-O Bg7 6. c3 {Black can avoid it:} e5 7. Na3 (7. d3 Nge7 8.
Be3 O-O 9. d4 cxd4 10. cxd4 Qb6 11. Nbc3 exd4 12. Na4 Qa5 13. Nxd4 Ne5 $132 {
0-1 Pachman,L-Tal,M/Amsterdam 1964/IZT (19)}) 7... Nge7 8. Nc2 Qb6) 5... Bg7 6.
d4 (6. O-O $6 e5) 6... cxd4 7. cxd4 {[+] Black's task is to create the
sufficient counterplay by putting pressure against White's centre, especially
against the d4 square. But current practice shows that the clear way to
equality hasn't been found yet or it simply doesn't not exist, White has small
edge in all lines. Then Black should look for improvement in 4-th or even 3-rd
move.} Bg4 {[%cal Gg4d1] Black pins Ne2, White is forced to play the committal
move f2-f3 closing his Bg2.} ({Very well looks} 7... Qb6 {[%csl Rd4] , but
White has strong} 8. Nbc3 $1 {and accepting the pawn sacrifice is extremely
risky:} Nxd4 $6 9. Nd5 Qc5 10. Nxd4 Bxd4 11. Be3 Bxe3 12. fxe3 {[%cal Ya1c1,
Yd5c7]} Qa5+ 13. b4 Qd8 14. Rc1 Kf8 15. Nc7 Rb8 16. Qd4 e5 17. Qxa7 Bg4 18. O-O
$16 {1/2-1/2 Galliamova,A-Askarov,M/Togliatti 2003/CBM 094 ext (49)}) (7... e5)
(7... Nf6 {has only one advantage, White needs to spend one tempo for the move
h2-h3 to secure the ideal e3 square for his dark-squared bishop.} 8. Nbc3 O-O
9. O-O Bd7 10. h3 Rc8 11. Be3 Na5 12. b3 b5 13. a3 Rb8 14. Na2 $14 {1-0
Balashov,Y-Guliev,L/Moscow 1995/CBM 050 ext (26)}) 8. f3 Bd7 9. Nbc3 Nf6 10.
Be3 O-O 11. O-O b5 $5 {As White's centre is well protected, Black looks for
counterplay on the queenside.} 12. Qd2 ({Opening the b-file} 12. Nxb5 $6 {
is useless, it gives Black extra chances:} Qb8 13. Nbc3 Qxb2 14. a4 Qb4 $13 {
1/2-1/2 Czarnota,P-Makarov,M/Cappelle la Grande 2003/CBM 092 ext (33)}) 12...
Na5 {[%cal Yb5b4,Yd7b5] A new attempt, main idea is to activate quickly
Black's Bd7.} (12... b4 13. Nd1 Qb8 14. b3 $5 $14 {[%cal Yd1b2,Yb2c4] 1-0
Gulko,B-Rodriguez Cespedes,A/Yerevan 1976/EXT 99 (40)}) 13. b3 b4 14. Nd1 Bb5
15. Nf2 Qb6 $6 {Black forgets about his passive Na5.} ({It was better to
prepare his return on the square c6} 15... e6 $142 16. Rfc1 Nc6 $14 {, but
nevertheless White is better.}) ({After direct} 15... Nc6 $6 16. d5 $5 Ne5 17.
Rfc1 {looks strong.}) 16. Nd3 Nc6 $2 {A mistake,} ({but nobody would like} 
16... Nb7 $142 $14 {[%cal Ya7a5] with intention to defend the b4 pawn.}) 17.
Rfd1 $2 {White believes Black.} (17. d5 $142 Qa6 {and now} 18. Rac1 $1 $16 {
what he probably overlooked, Black is almost lost.}) 17... Nd7 18. d5 Nd4 19.
Kh1 $2 {Another mistake allowing Black to exchange light pieces desirable way
and even gain advantage.} ({After} 19. Nef4 $142 $5 $14 {Black suffers, he has
big troubles with his Nd4.}) 19... Bxd3 20. Nxd4 (20. Qxd3 $2 Nc5 $17) 20...
Bxd4 21. Bxd4 Qxd4 22. Qxd3 Qxd3 23. Rxd3 $15 {In this ending Black has
permanent advantage due to the superiority of Black's knight over White's
bishop. As Black can't gain control of the c-file because of Bg2-h3, White
should be able to hold the game, but it requires patient defence.} a5 24. Rd4
Rfb8 (24... Rfc8 $6 25. Bh3) 25. Kg1 Nc5 26. Rb1 {Prophylaxis against a5-a4.}
a4 27. bxa4 Rxa4 28. Rb2 {Here Rb2 defends the pawn a2 and attacks the pawn b4.
} Rba8 29. Rdxb4 Rxb4 30. Rxb4 Rxa2 $15 {White should play accurate further,
the superiority of knight over bishop on one flank is well-known.} 31. Rb1 Kg7
32. f4 $5 Kf6 (32... Re2 33. Bf3 Re3 34. Kf2) 33. Rb6 Kg7 34. Rc6 Nd3 35. Bf1
Nf2 36. Bg2 Ng4 37. Rc1 Ne3 38. Bf3 Nc2 39. Rd1 Na3 40. Re1 Nb5 41. Re2 Ra3 42.
Bg2 h6 43. Rb2 Ra5 44. h4 Kf6 45. Kf2 g5 46. hxg5+ hxg5 47. Bf3 Nc3 48. Rb3
Ra2+ 49. Ke3 Na4 50. Rb7 Ra3+ 51. Kf2 g4 52. Bxg4 Nc5 53. e5+ dxe5 54. Rb6+ Kg7
55. fxe5 Nd3+ 56. Kg2 Ra2+ 57. Kf1 Nxe5 58. Be2 Rd2 59. Rb7 Kf6 60. Rb6+ Kg7
61. Rb7 Kf6 62. Rb6+ Kf5 63. Rb7 Ng6 64. Bh5 Ne5 65. Rxe7 Kf6 66. Ra7 Rxd5 67.
Be2 Kf5 68. Ra4 f6 69. Rf4+ 1/2-1/2

[Event "Moscow Aeroflot op-A"]
[Site "Moscow"]
[Date "2006.02.09"]
[Round "2"]
[White "Movsesian, Sergei"]
[Black "Kuzubov, Yuriy"]
[Result "0-1"]
[WhiteElo "2632"]
[BlackElo "2544"]
[Annotator "Babula,V"]
[PlyCount "78"]
[EventDate "2006.02.08"]
[EventType "swiss"]
[EventRounds "9"]
[EventCountry "RUS"]
[SourceTitle "CBM 112"]
[Source "ChessBase"]
[SourceDate "2006.06.07"]
[SourceVersion "1"]
[SourceVersionDate "2006.06.07"]
[SourceQuality "1"]

1. e4 c5 2. d3 Nc6 3. g3 g6 4. Bg2 Bg7 5. f4 d6 (5... e6 6. Nf3 Nge7 7. c3 O-O
8. Be3 b6 9. O-O Ba6 {0-1 Stripunsky,A (2576)-Areshchenko,A (2653)/Khanty
Mansiysk 2005/CBM 111_01/[Babula,V] (33)}) 6. Nf3 e6 ({Other main options are} 
6... e5) ({and} 6... Nf6) 7. O-O Nge7 8. c3 {[%cal Yd3d4]} O-O 9. Be3 b5 {
A principled continuation. White builds up the pawn centre and Black looks for
counterplay on the queenside.} ({Less convenient is} 9... b6 {as White can
immediately play} 10. d4 $5 ({without prophylaxis} 10. Bf2 Ba6)) ({For a
better implementation of this plan see the line to move 5. Also} 9... Rb8 10.
d4 b6 {isn't ideal for Black} 11. Bf2 a5 12. Re1 Ba6 13. a3 Qd7 14. Nbd2 Rfc8
15. Nf1 cxd4 16. cxd4 d5 17. e5 Bxf1 18. Bxf1 b5 19. b3 $14 {1-0 McShane,L 
(2629)-Khalifman,A (2669)/Drammen 2005/CBM 105/[Bangiev] (48)}) 10. d4 cxd4 11.
cxd4 b4 {[%csl Ga3,Rb1,Gc3] It looks also logical, Black limits White's Nb1.} (
{But in the following example Black successfully does without it:} 11... Bb7
12. Nc3 b4 13. Ne2 Na5 14. Nd2 Rc8 15. a3 Nc4 16. Nxc4 Rxc4 17. b3 Rc8 18. axb4
Qb6 19. Qd2 Ba6 20. Rf2 Bxe2 21. Rxe2 Nc6 $132 {0-1 Sepp,O (2451)-Sambuev,B 
(2536)/Moscow 2005/EXT 2006 (49)}) (11... a5 12. Bf2 Ba6 13. Re1 Qd7 14. Nc3 b4
15. Na4 Nc8 16. e5 Bb5 17. exd6 Qxd6 18. Ne5 N8e7 19. Rc1 Nd5 20. Nc5 Nce7 $11
{1/2 Chernov,V (2450)-Rozentalis,E (2645)/Krynica 1997/CBM 062 (49)}) 12. Bf2 {
Technically a novelty.} ({This is an example of Black's correct play:} 12. Nbd2
a5 13. Bf2 a4 {[%csl Gb3,Rd2] Black takes White's Nd2 the b3 square} 14. Re1 d5
{[%csl Gc4,Rd2,Ge4] and now the c4 and especially the e4 square, so it can't
reach the c5 square} 15. e5 Bd7 16. Rc1 Qb6 17. Rc5 a3 18. b3 Na7 {[%csl Gc3]
[%cal Ya7b5]} 19. Nb1 Rfc8 20. Rxc8+ Rxc8 21. Qd2 Qa5 {1/2 Poluljahov,A (2510)
-Vorobiov,E (2435)/Krasnodar 1997/EXT 2000}) 12... Qd7 $6 {Black doesn't find
the above mentioned plan.} (12... a5 $142 13. Nbd2 a4 {is only a transposition
of moves.}) 13. Nbd2 $14 Ba6 14. Re1 Rfc8 15. e5 $1 {[%csl Gc5][%cal Yd2e4,
Yd2b3] The typical break pointing out the drawbacks of Black's concept.} dxe5
$2 {A serious mistake. Black gains the d5 square, but gives White's pieces the
d6 square.} ({Black can't prevent the weakening of the c5 square, for example:
} 15... Nd5 16. Ne4) (15... Nf5 16. g4) ({But} 15... d5 $142 16. Nb3 $14 {
is a better choice.}) 16. Ne4 {[%csl Ra6,Rd7][%cal Ye4c5]} Rd8 17. dxe5 Nd5 18.
Rc1 $16 {Black's situation is critical.} Bb7 19. Nd6 Bf8 20. Bc5 Bxd6 21. Bxd6
(21. exd6 $5 $16 {looks also promising.}) 21... Nce7 22. Nd2 {[%cal Yd2e4]}
Rac8 23. Ne4 $16 Qb5 ({After} 23... Nf5 {White plays} 24. Rxc8 {and Black
can't capture the rook} Qxc8 (24... Rxc8 $4 25. Qxd5 $1 {[%csl Rd7][%cal Ye4f6]
}) 25. Qd2 {[%cal Ye1c1]}) 24. Qd2 $2 {This move is too soft, allowing Black
to consolidate.} ({Correct is energetic} 24. Qd4 $142 $1 $16 {, for example}
Nf5 25. Qxa7 Ra8 26. Qf2 Rxa2 27. Bf1) 24... Nf5 $14 25. Rxc8 {White gives
Black the c file,} ({as after direct} 25. Qf2 {[%cal Yg3g4] Black plays} Rxc1
26. Rxc1 Nde3 27. Nf6+ Kg7 28. Bxb7 Qxb7 29. g4 Nxd6 30. Qxe3 Ne8 $14) 25...
Rxc8 26. Qf2 {[%cal Yg3g4]} b3 {[%cal Yc8c2]} 27. axb3 Qxb3 28. Bc5 h5 $14 29.
Nd6 (29. Bxa7 $6 Rc2 30. Re2 Rc1+ 31. Re1 Rc2 $11) (29. h3 $5 {[%cal Yg3g4]})
29... Rc7 (29... Nxd6 30. exd6 Nf6 31. Bxb7 Qxb7 $14) 30. Ra1 $6 {The final
phase of the game was surely affected by the time-trouble.} (30. Nxf5 $142 gxf5
$14) 30... Ba8 $2 (30... Nxf4 $142 $1 31. gxf4 Bxg2 32. Ne8 $1 $11 (32. Kxg2 $2
Rxc5)) 31. Rxa7 $2 (31. Nxf5 $142 gxf5 32. Rxa7 $16) 31... Rxa7 32. Bxa7 Nde3
$1 {A very unpleasant blow, especially in time-trouble.} 33. Nxf5 $6 (33. Bxe3
$142 Nxe3 34. Bf3 $11 {leads to a draw, as after} Ng4 35. Qa7 {White has a
perpetual check.}) 33... Nxg2 34. Ne3 ({Other retreat of the knight loses, for
example} 34. Nd6 $2 Qd1+ 35. Qf1 Ne1 $19) 34... Nxe3 35. Bxe3 $2 {And this is
already a mistake.} ({Necessary is} 35. Qxe3 $142 Qxb2 36. Kf1 Qxh2 $15 {
Black is pawn up, but he has no passed pawn and there are opposite coloured
bishops on the board, a well-known drawish factor.}) 35... Qd5 36. Kf1 $2 {
And this error losing immediately.} ({But anyway after} 36. Qd2 $142 {Black
would gain White's h and g pawns and should win, for example} Qf3 $5 37. b4 Bd5
{Black improves his bishops first as he has enough time} 38. Bc5 Qh1+ 39. Kf2
Qxh2+ $17) 36... Qd1+ $19 37. Qe1 Bg2+ 38. Kf2 Qf3+ 39. Kg1 Bh3 0-1